000 006840000a22001810004500
003 MACL
005 20160507145906.0
008 160507b xxu||||| |||| 00| 0 eng d
040 _aMACL
_cMACL
041 _aHindi
082 _a800 SAD
100 _aशास्‍त्री, आ. चन्‍द्रशेखर
_9285
245 _aपरीक्षोपयोगी हिन्‍दी निबंध
_cआ. चन्‍द्रशेखर शास्‍त्री
260 _aनई दिल्‍ली
_bसाेनाली साहित्‍य सदन
_c2010
350 _a350
650 _aनिबंध
_955583
942 _cHIN
_k800 /SHA
_2ddc
999 _c46626
_d46626